Wrestling Factions Members - Statistics

General Stats
  • This quiz has been taken 72 times
  • The average score is 36 of 57
Answer Stats
Hint Answer % Correct
Bloodline Jey Uso
100%
Bloodline Jimmy Uso
100%
The Bloodline Roman Reigns
100%
Wyatt Family/Sicks Bray Wyatt
96%
Wyatts Erick Rowan
92%
Wyatts Luke Harper
92%
Bloodline Sami Zayn
88%
Wyatts Bo Dallas
87%
Bloodline Solo Sikoa
87%
Judgement Day Finn Balor
85%
Wyatts Nikki Cross
85%
Judgement Day Damian Priest
83%
BCC/Death Riders Jon Moxley
83%
Bloodline Tama Tonga
83%
Wyatts Braun Strowman
81%
The Elite Kenny Omega
81%
Judgement Day Rhea Ripley
81%
Bloodline Talla Tonga
81%
Judgement Day Dominik Mysterio
79%
Judgement Day Edge
79%
Bloodline Paul Heyman
77%
Wyatts Daniel Bryan
75%
Elite Matt Jackson
75%
Elite Nick Jackson
75%
Judgement Day Liv Morgan
73%
Wyatts Joe Gacy
69%
Wyatts Randy Orton
69%
Bloodline Tonga Loa
69%
Judgement Day Carlito
67%
Wyatts Dexter Lumis
67%
Bloodline Jacob Fatu
67%
Judgement Day Roxanne Perez
65%
Judgement Day JD McDonagh
63%
BCC/Death Riders Wheeler Yuta
63%
BCC/Death Riders Claudio Castagnoli
62%
Judgement Day Raquel Rodriguez
62%
Elite Adam Page
60%
Elite Cody Rhodes
60%
BCC/Death Riders Pac
58%
Bloodline JC Mateo
56%
BCC/Death Riders Bryan Danielson
54%
BCC/Death Riders William Regal
52%
Elite Adam Cole
48%
Judgement Day R-Truth
46%
BCC/Death Riders Daniel Garcia
42%
BCC/Death Riders Marina Shafir
42%
Bloodline The Rock
42%
Elite Kazuchika Okada
38%
Elite Jack Perry
31%
Elite Kota Ibushi
29%
Elite Karl Anderson
27%
Elite Marty Scurll
27%
Elite Doc Gallows
25%
Elite Bobby Fish
21%
Elite Kyle O'Reilly
21%
Elite Chase Owens
15%
Elite Yujiro Takahashi
8%
No matching quizzes found
Score Distribution
Percent of People with Each Score
Percentile by Number Answered
Your Score History
You have not taken this quiz